Volleyball terms - Statistics

General Stats
  • This quiz has been taken 561 times
  • The average score is 5 of 12
Answer Stats
Hint Answer % Correct
A serve that is not passable and results immediately in a point. Ace
93%
a common term for forearm passing Bump
62%
A legal push of the ball around or over blockers. Dink/Tip
59%
a high ball going towards your side of the court that is easy to receive. a signal to "switch" or "transition" Free ball
59%
A serve which does not spin or rotate and therefore moves in an erratic path. Floater
52%
type of serve where the ball is spun upwards and hit on an angle that it curves downwards powerfully. Top Spin
52%
An individual attack directed at an angle from one end of the offensive team’s side of the net to the opposite sideline of the defensive team’s court. Cross
44%
When 2 opposing players are simultaneously attempting to play a ball above the net. Joust
40%
a player approaching the setter for a quick inside hit Quick
29%
a type of hit that spins the ball to increase difficulty of digging Roll
13%
when a hitter pushes the ball off of the opposing block so it lands out of bounds Wipe
6%
Any volleyball game with people who don’t really know how to play volleyball. Jungle ball
2%
No matching quizzes found
Score Distribution
Percent of People with Each Score
Percentile by Number Answered
Your Score History
You have not taken this quiz